[Event "Bankia tt"]
[Site "Bankia"]
[Date "1992.??.??"]
[Round "3"]
[White "Popchev, Milko"]
[Black "Tiberkov, Ivan"]
[Result "1-0"]
[WhiteElo "2465"]
[BlackElo "2290"]
[PlyCount "95"]
[EventDate "1992.??.??"]
[EventType "team"]
[EventRounds "7"]
[EventCountry "BUL"]
[SourceTitle "EXT 1997"]
[Source "ChessBase"]
[SourceDate "1996.11.15"]
[SourceVersion "1"]
[SourceVersionDate "1996.11.15"]
[SourceQuality "1"]

1. e4 c5 2. c4 Nc6 3. Nc3 g6 4. g3 Bg7 5. Bg2 d6 6. d3 e6 7. Nge2 Nge7 8. 0-0 0-0 9. a3 Nd4 10. Rb1 Nec6 11. b4 Nxe2+ 12. Nxe2 Nd4 13. Nxd4 Bxd4 14. Bh6 Re8 15. h4 a6 16. Be3 Rb8 17. Bxd4 cxd4 18. Kh2 b6 19. Qd2 e5 20. f4 f6 21. Rf2 Kg7 22. f5 gxf5 23. exf5 Bb7 24. g4 d5 25. cxd5 Bxd5 26. g5 e4 27. dxe4 Bxe4 28. Rd1 Qd6+ 29. Qf4 Rbd8 30. Qxd6 Rxd6 31. Re2 Bc6 32. Rxe8 Bxe8 33. Be4 Bb5 34. Kg3 Be2 35. Rd2 d3 36. Kf4 a5 37. Ke3 axb4 38. axb4 Bf1 39. Bxd3 Bxd3 40. Rxd3 Rc6 41. Rd7+ Kg8 42. g6 hxg6 43. fxg6 Rc4 44. Rd4 Rc3+ 45. Kf4 Kg7 46. h5 Rc7 47. Kf5 Re7 48. h6+ 1-0

[Event "Bankia tt"]
[Site "Bankia"]
[Date "1992.??.??"]
[Round "1"]
[White "Tiberkov, Ivan"]
[Black "Mollaoglu, Ergin"]
[Result "1/2-1/2"]
[WhiteElo "2290"]
[BlackElo "2375"]
[PlyCount "78"]
[EventDate "1992.??.??"]
[EventType "team"]
[EventRounds "7"]
[EventCountry "BUL"]
[SourceTitle "EXT 1997"]
[Source "ChessBase"]
[SourceDate "1996.11.15"]
[SourceVersion "1"]
[SourceVersionDate "1996.11.15"]
[SourceQuality "1"]

1. c4 g6 2. Nc3 Bg7 3. g3 e5 4. Bg2 d6 5. e3 Nc6 6. Nge2 h5 7. h4 Nge7 8. d3 Bg4 9. Qc2 0-0 10. 0-0 Qd7 11. Kh2 Rfe8 12. a3 Nd8 13. Nd5 c6 14. Nxe7+ Qxe7 15. Nc3 Ne6 16. Bd2 Rad8 17. Rae1 Qd7 18. b4 a6 19. Qb1 Nc7 20. a4 d5 21. cxd5 cxd5 22. b5 d4 23. Ne4 Ne6 24. Ba5 Rb8 25. Bb4 Red8 26. Nd6 Bf8 27. Ne4 Kg7 28. Bxf8+ Rxf8 29. Nd2 axb5 30. axb5 dxe3 31. Rxe3 f6 32. Nc4 Rfd8 33. Be4 Nd4 34. f4 exf4 35. Rxf4 Qxb5 36. Qf1 Nc2 37. Rxf6 Rf8 38. Rxg6+ Kh8 39. Rh6+ Kg7 1/2-1/2

[Event "BUL-chT"]
[Site "Bankia"]
[Date "1992.??.??"]
[Round "4"]
[White "Tiberkov, Ivan"]
[Black "Nikolov, Stefan"]
[Result "1/2-1/2"]
[WhiteElo "2290"]
[BlackElo "2210"]
[PlyCount "55"]
[EventDate "1992.??.??"]
[EventType "team"]
[EventRounds "11"]
[EventCountry "BUL"]
[SourceTitle "EXT 1998"]
[Source "ChessBase"]
[SourceDate "1997.11.17"]
[SourceVersion "1"]
[SourceVersionDate "1997.11.17"]
[SourceQuality "1"]

1. e4 c5 2. Nf3 Nc6 3. d4 cxd4 4. Nxd4 Nf6 5. Nc3 e5 6. Ndb5 d6 7. Bg5 a6 8. Na3 b5 9. Nd5 Be7 10. Nxe7 Nxe7 11. Bxf6 gxf6 12. Qf3 f5 13. exf5 Bxf5 14. Bd3 Bxd3 15. Qxd3 d5 16. c3 Qd6 17. f4 e4 18. Qd2 f5 19. Nc2 0-0 20. a4 Nc6 21. 0-0 Qc5+ 22. Kh1 Rad8 23. Rfd1 Rf7 24. axb5 axb5 25. Ra6 b4 26. Qe3 d4 27. Nxd4 Nxd4 28. Rxd4 1/2-1/2

[Event "Bankia tt"]
[Site "Bankia"]
[Date "1992.??.??"]
[Round "6"]
[White "Tiberkov, Ivan"]
[Black "Stoinev, Metodi"]
[Result "0-1"]
[WhiteElo "2290"]
[BlackElo "2380"]
[PlyCount "78"]
[EventDate "1992.??.??"]
[EventType "team"]
[EventRounds "7"]
[EventCountry "BUL"]
[SourceTitle "EXT 1997"]
[Source "ChessBase"]
[SourceDate "1996.11.15"]
[SourceVersion "1"]
[SourceVersionDate "1996.11.15"]
[SourceQuality "1"]

1. c4 c6 2. d4 d5 3. Nf3 Nf6 4. Nc3 dxc4 5. a4 Bf5 6. e3 e6 7. Bxc4 Bb4 8. 0-0 Nbd7 9. Nh4 0-0 10. Nxf5 exf5 11. Qb3 a5 12. Rd1 Qe7 13. Bd2 g6 14. h3 h5 15. Ne2 Bxd2 16. Rxd2 Ne4 17. Rc2 Ndf6 18. Nf4 Kg7 19. Nd3 Nd6 20. Qa3 Rfe8 21. Ba2 h4 22. Rb1 Nde4 23. Ne5 Nd6 24. b4 axb4 25. Rxb4 Nfe4 26. Qb2 Ra7 27. Nd3 Qf6 28. Nc5 Re7 29. Nd3 Ra5 30. Nc5 Nxc5 31. Rxc5 Rxc5 32. dxc5 Qxb2 33. Rxb2 Ne4 34. Rb4 Nxc5 35. Rxh4 Ne4 36. Rf4 b5 37. axb5 cxb5 38. g4 Nc3 39. Bb3 Ne2+ 0-1

[Event "Copenhagen Obro-B"]
[Site "Copenhagen"]
[Date "1990.??.??"]
[Round "5"]
[White "Borge, Nikolaj"]
[Black "Tiberkov, Ivan"]
[Result "1-0"]
[WhiteElo "2340"]
[BlackElo "2305"]
[PlyCount "78"]
[EventDate "1990.??.??"]
[EventType "tourn"]
[EventRounds "9"]
[EventCountry "DEN"]
[EventCategory "4"]
[SourceTitle "EXT 1997"]
[Source "ChessBase"]
[SourceDate "1996.11.15"]
[SourceVersion "1"]
[SourceVersionDate "1996.11.15"]
[SourceQuality "1"]

1. e4 d6 2. d4 Nf6 3. Nc3 g6 4. Be2 Bg7 5. h4 h5 6. Bg5 c6 7. Qd2 b5 8. a3 Qa5 9. e5 b4 10. exf6 bxc3 11. fxg7 cxd2+ 12. Bxd2 Qxd2+ 13. Kxd2 Rg8 14. b4 a5 15. Nf3 f6 16. b5 cxb5 17. d5 Kf7 18. Bxb5 Bb7 19. c4 Na6 20. Nd4 Nc5 21. Rae1 Rxg7 22. Re3 Rc8 23. f3 Rc7 24. Ke2 Rg8 25. Kf2 Bc8 26. Rhe1 Bb7 27. Kg3 Ra8 28. Bc6 Bxc6 29. Nxc6 Re8 30. Nxa5 e5 31. dxe6+ Rxe6 32. Rxe6 Nxe6 33. Rb1 Nc5 34. Rb6 Ra7 35. Nc6 Rxa3 36. Nd4 Rd3 37. Nb5 Ke7 38. Rc6 Ne6 39. Ra6 f5 1-0

[Event "Copenhagen Obro-B"]
[Site "Copenhagen"]
[Date "1990.??.??"]
[Round "4"]
[White "Tiberkov, Ivan"]
[Black "Brinck Claussen, Bjorn"]
[Result "0-1"]
[WhiteElo "2305"]
[BlackElo "2395"]
[PlyCount "69"]
[EventDate "1990.??.??"]
[EventType "tourn"]
[EventRounds "9"]
[EventCountry "DEN"]
[EventCategory "4"]
[SourceTitle "EXT 1997"]
[Source "ChessBase"]
[SourceDate "1996.11.15"]
[SourceVersion "1"]
[SourceVersionDate "1996.11.15"]
[SourceQuality "1"]

1. e4 e6 2. d4 d5 3. Nc3 Bb4 4. e5 c5 5. Bd2 Ne7 6. Nb5 Bxd2+ 7. Qxd2 0-0 8. f4 cxd4 9. Nf3 Nbc6 10. Nbxd4 Nxd4 11. Qxd4 Nc6 12. Qe3 f6 13. Bd3 Qb6 14. Qxb6 axb6 15. 0-0 Bd7 16. c3 fxe5 17. Nxe5 Nxe5 18. fxe5 Rxf1+ 19. Kxf1 Ra4 20. Ke2 Rh4 21. Rh1 Be8 22. h3 Rh5 23. Kf3 Rxe5 24. h4 Kf7 25. Kf4 Kf6 26. g4 h6 27. h5 Rg5 28. Rf1 Ke7 29. Kg3 Bxh5 30. Rf4 Kd6 31. Rb4 Kc5 32. a4 Be8 33. Kf4 e5+ 34. Kf3 Bc6 35. Be2 0-1

[Event "Copenhagen Obro-B"]
[Site "Copenhagen"]
[Date "1990.??.??"]
[Round "6"]
[White "Tiberkov, Ivan"]
[Black "Schwartzman, Gabriel"]
[Result "1-0"]
[WhiteElo "2305"]
[BlackElo "2285"]
[PlyCount "77"]
[EventDate "1990.??.??"]
[EventType "tourn"]
[EventRounds "9"]
[EventCountry "DEN"]
[EventCategory "4"]
[SourceTitle "EXT 1997"]
[Source "ChessBase"]
[SourceDate "1996.11.15"]
[SourceVersion "1"]
[SourceVersionDate "1996.11.15"]
[SourceQuality "1"]

1. e4 e5 2. Nf3 Nf6 3. d4 Nxe4 4. Bd3 d5 5. Nxe5 Nd7 6. Qe2 Nxe5 7. Bxe4 dxe4 8. Qxe4 Be6 9. dxe5 Bd5 10. Qa4+ Bc6 11. Qg4 h5 12. Qh3 Qd5 13. 0-0 Qxe5 14. Bd2 Bd7 15. Qb3 0-0-0 16. Re1 Qf5 17. Be3 Bd6 18. Nd2 Bc6 19. f3 g5 20. Nc4 g4 21. Nxd6+ Rxd6 22. f4 Qe4 23. Re2 Rhd8 24. Rae1 Rd1 25. Kf1 Ba4 26. Qxf7 Bb5 27. Kf2 Bxe2 28. Rxe2 Qd5 29. Qg6 Rg8 30. Qh7 Re8 31. c4 Qd7 32. Qxh5 Rd3 33. Qa5 a6 34. Qe1 Qf5 35. b3 Re4 36. Bc1 Qc5+ 37. Kf1 Qd6 38. Kf2 Qd4+ 39. Be3 1-0

[Event "Copenhagen Obro op"]
[Site "Copenhagen"]
[Date "1989.??.??"]
[Round "4"]
[White "Tiberkov, Ivan"]
[Black "Dory, Jeno"]
[Result "1/2-1/2"]
[WhiteElo "2295"]
[BlackElo "2360"]
[PlyCount "81"]
[EventDate "1989.??.??"]
[EventType "swiss"]
[EventRounds "9"]
[EventCountry "DEN"]
[SourceTitle "EXT 1997"]
[Source "ChessBase"]
[SourceDate "1996.11.15"]
[SourceVersion "1"]
[SourceVersionDate "1996.11.15"]
[SourceQuality "1"]

1. e4 c5 2. Nf3 Nc6 3. d4 cxd4 4. Nxd4 g6 5. c4 Bg7 6. Be3 Nf6 7. Nc3 d6 8. Be2 0-0 9. f3 Bd7 10. 0-0 Rc8 11. Qd2 Nxd4 12. Bxd4 Bc6 13. Rfd1 Nd7 14. Be3 a5 15. b3 Nc5 16. Rab1 Ra8 17. Bf1 Qc7 18. Rdc1 Rfc8 19. Nd5 Bxd5 20. cxd5 Qd7 21. Qf2 b5 22. b4 axb4 23. Rxb4 Qa7 24. Rc2 Qa3 25. Qd2 h5 26. Rxb5 Kh7 27. Qe2 Rcb8 28. Bc1 Qa4 29. Rxb8 Rxb8 30. Rc4 Qa7 31. Kh1 Rb1 32. Be3 Qa3 33. Bd4 Bxd4 34. Rxd4 Qc1 35. Kg1 Rb2 36. Rd1 Rxe2 37. Rxc1 Rxa2 38. h4 Kg7 39. g3 Kf6 40. Rd1 Ke5 41. Bg2 1/2-1/2

[Event "Copenhagen Obro op"]
[Site "Copenhagen"]
[Date "1989.??.??"]
[Round "6"]
[White "Tiberkov, Ivan"]
[Black "Stoinev, Metodi"]
[Result "1-0"]
[WhiteElo "2295"]
[BlackElo "2380"]
[PlyCount "119"]
[EventDate "1989.??.??"]
[EventType "swiss"]
[EventRounds "9"]
[EventCountry "DEN"]
[SourceTitle "EXT 1997"]
[Source "ChessBase"]
[SourceDate "1996.11.15"]
[SourceVersion "1"]
[SourceVersionDate "1996.11.15"]
[SourceQuality "1"]

1. e4 e5 2. Nf3 Nc6 3. Bb5 a6 4. Ba4 Nf6 5. 0-0 Be7 6. Re1 b5 7. Bb3 d6 8. c3 0-0 9. h3 Na5 10. Bc2 c5 11. d4 Qc7 12. Nbd2 Bd7 13. Nf1 cxd4 14. cxd4 Nc6 15. Ne3 Rac8 16. a3 Nxd4 17. Nxd4 exd4 18. Qxd4 d5 19. exd5 Bc5 20. Qc3 Bxe3 21. Rxe3 Qxc3 22. Rxc3 Rxc3 23. bxc3 Nxd5 24. Bb2 Rc8 25. Rd1 Nb6 26. Bb3 Bc6 27. Bc1 h6 28. Be3 Nd7 29. Bd4 Nf8 30. Re1 Bd7 31. Re7 Be6 32. Bxe6 Nxe6 33. Ra7 Rc6 34. Kf1 Nf4 35. Ra8+ Kh7 36. Ra7 Kg6 37. h4 h5 38. g3 Nd3 39. Ke2 Nb2 40. f4 f6 41. f5+ Kh7 42. Re7 Nc4 43. Re6 Rxe6+ 44. fxe6 Nd6 45. Kf3 Kg6 46. Kf4 Ne8 47. Bb6 Nd6 48. Bc5 Ne8 49. Bb6 Nd6 50. Ba7 a5 51. Bc5 Ne8 52. Bb6 a4 53. Ke4 f5+ 54. Ke5 Nf6 55. Kd6 Ne4+ 56. Kd7 Nf6+ 57. Kd8 f4 58. gxf4 Kf5 59. e7 Kxf4 60. Bd4 1-0